Регионална библиотека "Любен Каравелов" - Русе

Сълзите на милейди (Запис номер 10267)

MARC детайли
000 -Лидер
Контролно поле с фиксирана дължина 01416nam a2200349 c 4500
003 - Код на организацията, давaща контролен номер
Контролно поле BLK
005 - Дата и час на последна редакция
Контролно поле 20230717121010.0
008 - Елементи от данни с фиксирана дължина
fixed length control field 180412b bul|||||r ||||||| ||bul||
010 ## - Наследен системен номер
LC control number KNG00011749000
020 ## - Международен стандартен номер на книга ISBN
Международен стандартен номер на книга ISBN 954-459-283-0
-- издат.: Хермес
040 ## - Източник на каталожния запис
Идентификатор на билиотеката - собственик на записа BLK
041 ## - Код за език
Код за езика на текст/звукозапис или на отделно заглавие Български
Код за езика КДБФ Български
080 ## - УДК
Текстов определител УДК Американска литература (на САЩ)
УДК код - определител по УДК 821.111(73)
УДК определител -31
УДК - код + определител 821.111(73)-31
100 1# - Редна дума - Автор
Автор Симънс, Сюзън
Авторска отговорност първи автор
R(LIN) 255342
139 ## - Редно поле
Редна дума Симънс, Сюзън
Авторски знак Сим - С 37
245 10 - Сведения за заглавието
Заглавие Сълзите на милейди
Подзаглавни данни Роман
Редно поле (дума) Сюзън Симънс; прев. Победа Милева; прев. Ангелина Василева.
257 ## - Страна на издаване
Страна на създаване/издаване Съединени американски щати
260 ## - Област на издателските данни
-- Пловдив
Име на издателя, разпространителя и проч. Хермес
Година на издаване 1996
Печатница Хасково : Полиграфюг
300 ## - Физическа характеристика
Страници 230 с.
Размери/Мащаб 20 см
380 ## - Жанр
Жанр Худож. лит.
490 1# - СЕРИИ (Колекции)
Име на серия Пламъкът на розата
№: серия 21
500 ## - Общи забележки
Забележка Ориг. загл. Bed of Roses / Suzanne Simmons. - 5 000 тир.
653 ## - Ключова дума – ненормативна
Ключова дума романтична проза
700 1# - Други автори (авторска отговорност)
Лично име Милева, Победа
Автороска отговорност (Описва отношението между автора и произведението) прев.
9 (RLIN) 364127
700 1# - Други автори (авторска отговорност)
Лично име Василева, Ангелина
Автороска отговорност (Описва отношението между автора и произведението) прев.
9 (RLIN) 364125
852 ## - Местоположение
Форматна сигнатура Цб 188214
856 4# - Електронен адрес и достъп
Електронен формат pdf - файл
Път до файла /url/
856 4# - Електронен адрес и достъп
Електронен формат pdf - файл
Път до файла /url/
942 ## - АРТИКУЛИ
Вид на библиотечния материал Книги
Скрит в OPAC Не
Koha issues (borrowed), all copies 4
944 ## - СЪЗДАВАНЕ И РЕДАКЦИЯ на ЗАПИСА
Създаване/Редакция Създаване
Дата на регистрацията/редакция 15.01.2003
Статус, дата на статуса Галина Якимова
Служител, извършил регистрацията/редакцията 30564
944 ## - СЪЗДАВАНЕ И РЕДАКЦИЯ на ЗАПИСА
Създаване/Редакция Редакция
Дата на регистрацията/редакция 29.06.2016
Статус, дата на статуса ф /
Служител, извършил регистрацията/редакцията Людмила_Стоянова
999 ## - СИСТЕМНИ КОНТРОЛНИ НОМЕРА
Koha biblionumber 10267
Koha biblioitemnumber 10267
Наличности
Код за отписване Код за изгубен артикул Източник на класификационната схема Код за повреда Коз за рестрикции Код за отдаване Артикулен № Име на библиотеката - собственик Име на библиотеката, в която се намира в момента Статус (Текущо местоположение) Дата на вписване в системата Местоположение - отдел Цена в лева Инвентарен номер Систематично азбучна сигнатура Баркод Номер на екземпляра Цена в евро Служебна бележка Служебен тип на артикула
  Не е изгубен Universal Decimal Classification Не е повреден без рестрикции ползва се в читалня 17807 Регионална библиотека "Любен Каравелов" Русе Регионална библиотека "Любен Каравелов" Русе Хранилище 2001-01-01 Хранилище 0.60 621097 Цб 188214 120000621097 1 0.31 Дост: Dp Вид: Д N: стар фонд Дата: 01.01.1996 Книги
Изтеглен Не е изгубен   Не е повреден без рестрикции заемане за дома 17808 Регионална библиотека "Любен Каравелов" Русе Регионална библиотека "Любен Каравелов" Русе Заемна - подръчен фонд 2016-02-25 Заемна - подръчен фонд 10.00 120000798333 П 820(73)-31/С 37 120000798333 2 5.11 Дост: DA Вид: А N: 8 Дата: 25.02.2016 Дата инв: 19.02.2018 Бележки инв: П2018 Книги
  Не е изгубен Universal Decimal Classification Не е повреден без рестрикции заемане за дома 680126 Регионална библиотека "Любен Каравелов" Русе Регионална библиотека "Любен Каравелов" Русе Заемна - подръчен фонд 2018-09-11 Заемна - подръчен фонд 14.11 120000823101 П 820(73)-31/С 37 120000823101   7.21   Книги
Vip Innovations Ltd, Rousse, Bulgaria 2025